000 00957cam a2200325 4500
001 J605
008 090401t1992 xxu||||| |||| 00| 0 eng d
035 _a(Sirsi) u75719
041 _aeng
050 _a332.6324
110 _aHillier Parker Research
_92002
245 _aAverage yields . - March - November 1992
260 _aLondon
_bHillier Parker May and Rowden
_c1992
300 _a4 pt. ; 30cm.
350 _a0
520 _aPublished quarterly. - Previously published as part of ICHP Property Market Indicators q.v.
650 _aAVERAGE YIELDS
650 _aEQUITIES
650 _aGILTS
650 _aINDUSTRIAL PROPERTY
650 _aOFFICES
650 _aPROPERTY INVESTMENT
650 _aPROPERTY MARKET INDICATORS
650 _aSHOPS
650 _aYIELDS
690 _aPROPERTY-COMMERCIAL PROPERTY-COMMERCIAL PROPERTY FINANCE AND INVESTMENT
710 _aInvestors Chronicle
_92657
942 _n0
948 _c04/03/1997
999 _c96069
_d96069